000 00516nam a22002177a 4500
003 UA-OsUOA
001 43624
007 ta
008 20091019b un ||||| |||| 00| 0 ukr d
090 _a323
_bБ67
942 _cBK
040 _aUA-OsUOA
_bukr
_cUA-OsUOA
_dUA-OsUOA
245 _aБіла книга ОУН на зламі ХХ і ХХІ століть
300 _a618 с.
955 _a4
041 _aukr
080 _a323
260 _aКиїв
_bВ-во "Кий"
_c2006
650 7 _2UDC
999 _c442100
_d442100